Statistics for England: Town or City?

Click here to take the quiz!

General Stats

  • This quiz has been taken 699 times
    (693 since last reset)
  • The average score is 15 of 20

Answer Stats

QuestionAnswer% Correct
LondonCity
99%
ManchesterCity
97%
LiverpoolCity
96%
YorkCity
91%
RugbyTown
89%
ScarboroughTown
88%
OxfordCity
85%
Stratford-upon-AvonTown
82%
BuckinghamTown
81%
ChesterfieldTown
78%
DoverTown
76%
GloucesterCity
72%
BlackpoolTown
72%
LincolnCity
71%
CanterburyCity
71%
PlymouthCity
69%
IpswichTown
64%
WarwickTown
58%
ElyCity
50%
ColchesterTown
48%

Score Distribution

Percentile by Number Answered

Percent of People with Each Score

Your Score History

You have not taken this quiz since the last reset